000 00882cam a22002414a 4500
001 3576491
005 20180109073226.0
008 990430s2000 njua bi 001 0 eng
010 _a 99032916
020 _a0130126977
040 _aDLC
_cDLC
_dDLC
041 _aeng
042 _apcc
080 _a621.381
082 0 0 _a621.381 KIS
_221
100 1 _a26
101 _aMEK
245 1 0 _aIndustrial electronics :
_cThomas E. Kissell.
504 _aIncludes bibliographical references and index.
906 _a7
_bcbc
_corignew
_d1
_eocip
_f19
_gy-gencatlg
942 _2ddc
_cBK
999 _c39913
_d39913